01187nam a2200313 a 450000100060000000300090000600500170001500800410003202000150007303500170008804000260010504100080013108200310013910000220017024501700019226000560036230000320041850000500045050400530050065000330055365000320058665000270061865000410064565000430068665000490072970000220077870000230080074000500082360871BD-RjUL 20211209080907.0170104s1995 dcuab b 000 0 eng d a1569730296 aBD-RjUL60995 aBD-RjULbengcBD-RjUL aeng 223 a382.41098 bTHB 1995 1 aThrupp, Lori Ann.10aBittersweet harvests for global supermarkets :bchallenges in Latin America's agricultural export boom /cLori Ann Thrupp, with Gilles Bergeron and William F. Waters aWashington, D.C :bWorld Resources Institute,c1995 axii, 202 p :bill. ;c23 cm aBitter sweet harvests for global supermarkets aIncludes bibliographical references (p. 165-202) 0aProduce tradezLatin America 0aFloriculturezLatin America 0aExportszLatin America 0aAgriculture and statezLatin America 0aSustainable agriculturezLatin America 0aAgriculturexEconomic aspectszLatin America1 aBergeron, Gilles.1 aWaters, William F.0 aBitter sweet harvests for global supermarkets